书目信息 |
| 题名: |
忧患意识常在心间
|
|
| 作者: | 房龙 著 ;马恒祥 译 | |
| 分册: | ||
| 出版信息: | 北京 现代出版社 2016 |
|
| 页数: | 156页 | |
| 开本: | 22cm | |
| 丛书名: | 房龙手绘图画珍藏本 | |
| 单 册: | ||
| 中图分类: | E11-49 | |
| 科图分类: | ||
| 主题词: | 国防教育--Guo Fang Jiao Yu--青少年读物 | |
| 电子资源: | ||
| ISBN: | 978-7-5143-3698-6 | |
| 000 | 00872nam0 22002651 450 | |
| 001 | 350018 | |
| 005 | 20161009083337.23 | |
| 010 | @a978-7-5143-3698-6@dCNY25.80 | |
| 100 | @a20150920d2016 cd y0chiy50 ea | |
| 101 | 1 | @achi@ceng |
| 102 | @aCN@b110000 | |
| 105 | @aa z 000yy | |
| 106 | @ar | |
| 200 | 1 | @a忧患意识常在心间@AYou Huan Yi Shi Chang Zai Xin Jian@dInvasion@f(美)亨德里克·威廉·房龙著@g马恒祥译@zeng |
| 210 | @a北京@c现代出版社@d2016 | |
| 215 | @a156页@c图@d22cm | |
| 225 | 2 | @a房龙手绘图画珍藏本@AFang Long Shou Hui Tu Hua Zhen Cang Ben |
| 461 | 0 | @12001 @a房龙手绘图画珍藏本 |
| 510 | 1 | @aInvasion@zeng |
| 606 | 0 | @a国防教育@AGuo Fang Jiao Yu@j青少年读物 |
| 690 | @aE11-49@v5 | |
| 701 | 1 | @c(美)@a房龙@AFang Long@b亨德里克·威廉@4著 |
| 702 | 0 | @a马恒祥@AMa Heng Xiang@4译 |
| 801 | 0 | @aCN@bTANGWEI@20160802 |
| 905 | @b0887915-9@dE11-49@e67@f5 | |
| 忧患意识常在心间=Invasion/(美)亨德里克·威廉·房龙著/马恒祥译.-北京:现代出版社,2016 |
| 156页:图;22cm.-(房龙手绘图画珍藏本) |
| ISBN 978-7-5143-3698-6:CNY25.80 |
| ● |
| 相关链接 |
|
|
|
|
正题名:忧患意识常在心间
索取号:E11-49/67
 
预约/预借
| 序号 | 登录号 | 条形码 | 馆藏地/架位号 | 状态 | 备注 |
| 1 | 0887915 | 208879150 | 第一样本阅览室/ [索取号:E11-49/67] | 在馆 | |
| 2 | 0887916 | 208879169 | 第一借阅区/ [索取号:E11-49/67] | 在馆 | |
| 3 | 0887917 | 208879178 | 第一借阅区/ [索取号:E11-49/67] | 在馆 | |
| 4 | 0887918 | 208879187 | 第一借阅区/ [索取号:E11-49/67] | 在馆 | |
| 5 | 0887919 | 208879196 | 第一借阅区/ [索取号:E11-49/67] | 在馆 |